000
00197 a2200097 4500
001
27892
100
_a
Hamlyn,
245
_a
Lots of things to know
260
_a
_b
Hamlyn
_c
090
_c
18629
_d
18629
942
_a
NUST-CAE
_c
M
_c
9590
999
_c
262965
_d
262965